All 10k+ cities in Scotland - Statistics

General Stats
  • This quiz has been taken 45 times
  • The average score is 35 of 92
Answers on the Map
Answers color-coded by a green-red scale on the quiz's map according to % correct below.
 
Answer Stats
City Population % Correct
Aberdeen 192,956
93%
Edinburgh 493,736
93%
Glasgow 617,794
93%
Dundee 147,345
90%
Inverness 48,248
90%
Stirling 38,587
70%
Perth 47,893
67%
Dumfries 33,676
57%
Falkirk 34,627
57%
Hamilton 55,157
53%
Ayr 46,182
50%
Dunfermline 56,027
50%
East Kilbride 76,607
50%
Elgin 24,640
50%
Kilmarnock 47,064
50%
Livingston 55,836
50%
Motherwell 33,031
50%
Peterhead 19,791
50%
St Andrews 16,460
50%
Dumbarton 21,036
47%
Paisley 79,369
47%
Alloa 14,705
43%
Arbroath 23,481
43%
Cumbernauld 50,498
43%
Fraserburgh 12,921
43%
Inverurie 15,106
43%
Airdrie 35,846
40%
Bathgate 22,222
40%
Dunbar 10,777
40%
Forfar 13,801
40%
Glenrothes 37,468
40%
Greenock 42,866
40%
Montrose 11,251
40%
Clydebank 26,221
37%
Coatbridge 42,264
37%
Galashiels 10,075
37%
Gourock 10,077
37%
Hawick 10,728
37%
Helensburgh 14,127
37%
Irvine 33,998
37%
Kirkaldy 51,117
37%
Leven 10,087
37%
Musselburgh 21,479
37%
Port Glasgow 14,288
37%
Stonehaven 11,177
37%
Wishaw 30,211
37%
Bearsden 28,486
33%
Bellshill 19,500
33%
Cambuslang 33,252
33%
Carluke 14,105
33%
Cowdenbeath 11,969
33%
Erskine 14,880
33%
Grangemouth 16,016
33%
Linlithgow 12,517
33%
Penicuik 16,409
33%
Prestwick 14,570
33%
Renfrew 23,809
33%
Armadale 12,568
30%
Barrhead 17,586
30%
Carnoustie 11,359
30%
Ellon 10,126
30%
Johnstone 16,491
30%
Largs 10,917
30%
Milngavie 12,765
30%
Ardrossan 10,332
27%
Bishopbriggs 23,753
27%
Broxburn 15,418
27%
Haddington 11,354
27%
Kilsyth 10,952
27%
Larbert 12,682
27%
Methil 10,703
27%
Newton Mearns 28,456
27%
Rosyth 13,303
27%
Rutherglen 31,195
27%
Saltcoats 12,165
27%
South Queensferry 10,216
27%
Troon 15,261
27%
Westhill 11,750
27%
Blantyre 16,538
23%
Bo'ness 14,885
23%
Bonnyrigg 18,094
23%
Killwinning 16,211
23%
Kirkintilloch 22,037
23%
Larkhall 15,308
23%
Prestonpans 10,620
23%
Viewpark 15,831
23%
Dalkeith 15,146
20%
Giffnock 11,964
20%
Tranent 12,237
13%
Whitburn 11,775
13%
Bishopton 10,043
10%
Mayfield 14,276
10%
No matching quizzes found
Score Distribution
Percent of People with Each Score
Percentile by Number Answered
Your Score History
You have not taken this quiz